[Event "9th Rubinstein Memorial"]
[Site "Polanica Zdroj POL"]
[Date "1971.08.16"]
[Round "1"]
[White "Doda, Zbigniew"]
[Black "Schmidt, Wlodzimierz"]
[WhiteElo "2430"]
[BlackElo "2450"]
[Result "1/2-1/2"]
[EventDate "1971.08.16"]
[PlyCount "50"]
1. d4 Nf6 2. c4 g6 3. Nc3 d5 4. Nf3 Bg7 5. e3 O-O 6. Be2 c5 7. dxc5 dxc4 8. Qxd8 Rxd8 9. Bxc4 Nbd7 10. c6 bxc6 11. Bd2 Nb6 12. Be2 c5 13. O-O Be6 14. Rad1 Nfd5 15. Ne4 c4 16. Nd4 Bd7 17. b3 cxb3 18. axb3 a5 19. Nc5 Bxd4 20. exd4 Bc6 21. Rc1 a4 22. bxa4 Nxa4 23. Nxa4 Bxa4 24. Rc5 Kg7 25. Bf3 e6 1/2-1/2

[Event "9th Rubinstein Memorial"]
[Site "Polanica Zdroj POL"]
[Date "1971.08.16"]
[Round "1"]
[White "Kozma, Julius"]
[Black "Espig, Lutz"]
[WhiteElo "2360"]
[BlackElo "2460"]
[Result "1-0"]
[EventDate "1971.08.16"]
[PlyCount "105"]
1. d4 Nf6 2. c4 c5 3. d5 e6 4. Nc3 exd5 5. cxd5 d6 6. Nf3 g6 7. g3 Bg7 8. Bg2 O-O 9. O-O Na6 10. Nd2 Nc7 11. Nc4 b5 12. Nxd6 Qxd6 13. Bf4 Qd7 14. d6 Ne6 15. Bxa8 Nxf4 16. gxf4 Qg4+ 17. Bg2 Bb7 18. e4 Qxf4 19. Ne2 Qh4 20. f3 Nh5 21. Qd2 f5 22. exf5 Rxf5 23. d7 Rf8 24. f4 Qg4 25. Rf2 Rd8 26. Rd1 Bc6 27. Qe3 Rxd7 28. Qe8+ Bf8 29. Rxd7 Bxd7 30. Qe5 h6 31. h3 Qf5 32. Be4 Qxh3 33. Bxg6 Ng7 34. Be4 Qh4 35. f5 Qg5+ 36. Rg2 Qd2 37. Qd5+ Qxd5 38. Bxd5+ Kh7 39. f6 Ne6 40. Be4+ Kh8 41. Bf5 c4 42. f7 Bg7 43. Nc3 a6 44. Nd5 Nf8 45. Bxd7 Nxd7 46. Nc7 h5 47. Ne6 Bh6 48. Rg8+ Kh7 49. Rd8 Ne5 50. f8=Q Bxf8 51. Nxf8+ Kg7 52. Ne6+ Kf6 53. Nc5 1-0

[Event "9th Rubinstein Memorial"]
[Site "Polanica Zdroj POL"]
[Date "1971.08.16"]
[Round "1"]
[White "Pfleger, Helmut"]
[Black "Troianescu, Octav"]
[WhiteElo "2515"]
[BlackElo "2330"]
[Result "1-0"]
[EventDate "1971.08.16"]
[PlyCount "81"]
1. e4 e5 2. Nf3 Nc6 3. Bb5 Nf6 4. O-O Nxe4 5. d4 Nd6 6. Bxc6 dxc6 7. dxe5 Nf5 8. Qxd8+ Kxd8 9. Nc3 h6 10. Bf4 Be6 11. h3 Be7 12. g4 Nh4 13. Rad1+ Ke8 14. Nxh4 Bxh4 15. Kg2 Rd8 16. Bg3 Bxg3 17. Rxd8+ Kxd8 18. Kxg3 Ke7 19. f4 f5 20. exf6+ Kxf6 21. f5 Bc4 22. Rd1 Ke7 23. Kf4 b6 24. h4 a6 25. b3 Bf7 26. Ne4 Bd5 27. Nf2 a5 28. Nd3 Rd8 29. Ne5 Rd6 30. Re1 Kd8 31. g5 hxg5+ 32. hxg5 b5 33. g6 Rf6 34. c4 bxc4 35. bxc4 Bg8 36. Kg5 c5 37. Rd1+ Rd6 38. Nf7+ Kd7 39. Nxd6 cxd6 40. Rh1 Bxc4 41. Rh7 1-0

[Event "9th Rubinstein Memorial"]
[Site "Polanica Zdroj POL"]
[Date "1971.08.16"]
[Round "1"]
[White "Pytel, Krzysztof"]
[Black "Spiridonov, Nikola"]
[WhiteElo "2320"]
[BlackElo "2450"]
[Result "1-0"]
[EventDate "1971.08.16"]
[PlyCount "72"]
1. d4 Nf6 2. c4 g6 3. Nc3 d5 4. Nf3 Bg7 5. cxd5 Nxd5 6. Bd2 c5 7. Rc1 Nxc3 8. Bxc3 cxd4 9. Nxd4 O-O 10. e3 Bd7 11. Be2 Nc6 12. Nb3 Bf5 13. Bxg7 Kxg7 14. O-O Qb6 15. Qd2 Kg8 16. Nc5 Rfd8 17. Qc3 Nb4 18. Bc4 e6 19. e4 Qxc5 20. exf5 Nd5 21. Qb3 gxf5 22. Qg3+ Kf8 23. Qh4 Qe7 24. Qxh7 Qf6 25. Bxd5 Rxd5 26. Rc7 Rd2 27. Rxf7+ Qxf7 28. Qh6+ Ke7 29. Qxd2 Rd8 30. Qf4 Ke8 31. h4 b6 32. Rc1 Qf6 33. h5 Qxb2 34. h6 Qf6 35. h7 Kf8 36. Qg3 Qg7 1-0

[Event "9th Rubinstein Memorial"]
[Site "Polanica Zdroj POL"]
[Date "1971.08.16"]
[Round "1"]
[White "Zaitsev, Alexander"]
[Black "Grabczewski, Romuald"]
[WhiteElo "2530"]
[BlackElo "2370"]
[Result "1-0"]
[EventDate "1971.08.16"]
[PlyCount "99"]
1. d4 d5 2. Nf3 Nf6 3. c4 c6 4. Qb3 Qb6 5. g3 Bf5 6. Bg2 e6 7. O-O Nbd7 8. c5 Qxb3 9. axb3 h6 10. b4 a6 11. Nc3 Rd8 12. Re1 Be7 13. Nd2 Bc2 14. Ncb1 Ne4 15. Nxe4 Bxe4 16. f3 Bg6 17. Nc3 e5 18. e4 dxe4 19. d5 cxd5 20. Nxd5 Nb8 21. fxe4 Nc6 22. Bd2 a5 23. bxa5 Bxc5+ 24. Kh1 Bd4 25. Ra2 Ne7 26. Nc7+ Kd7 27. Nb5 Nc6 28. Rc1 Rc8 29. b4 Ne7 30. Rf1 Rc4 31. Bh3+ Kd8 32. Nd6 Rc7 33. Nxf7+ Bxf7 34. Rxf7 Nd5 35. Rf3 Nf6 36. Bf5 Ke7 37. b5 Rg8 38. Bg6 Rgc8 39. a6 bxa6 40. Rxa6 Rc2 41. Bb4+ Kd8 42. Ba3 Re2 43. Rd6+ Kc7 44. Bf5 Ra8 45. Rc6+ Kb7 46. Be6 Bb2 47. Bd5 Rxa3 48. Rcxf6+ Kb8 49. Rxa3 Bxa3 50. Ra6 1-0

[Event "9th Rubinstein Memorial"]
[Site "Polanica Zdroj POL"]
[Date "1971.08.17"]
[Round "2"]
[White "Grabczewski, Romuald"]
[Black "Doda, Zbigniew"]
[WhiteElo "2370"]
[BlackElo "2430"]
[Result "1-0"]
[EventDate "1971.08.16"]
[PlyCount "67"]
1. e4 c5 2. Nf3 e6 3. d4 cxd4 4. Nxd4 Nc6 5. Nb5 d6 6. c4 Nf6 7. N1c3 a6 8. Na3 Be7 9. Be2 O-O 10. O-O Bd7 11. Be3 Rb8 12. f4 Qa5 13. Nc2 Rfd8 14. Qd2 Be8 15. a3 Qc7 16. b4 Rbc8 17. Rac1 b6 18. g4 d5 19. cxd5 exd5 20. exd5 Nb8 21. Nd4 Qd7 22. Nf5 b5 23. Bb6 Bf8 24. Bf3 g6 25. Ne3 Bd6 26. g5 Nh5 27. Bxh5 gxh5 28. Ne4 Be7 29. Bxd8 Rxd8 30. d6 Qe6 31. Qd5 Qxd5 32. Nxd5 Bxd6 33. Ndf6+ Kf8 34. Nxd6 1-0

[Event "9th Rubinstein Memorial"]
[Site "Polanica Zdroj POL"]
[Date "1971.08.17"]
[Round "2"]
[White "Manasterski, Lutoslaw"]
[Black "Espig, Lutz"]
[WhiteElo "2350"]
[BlackElo "2460"]
[Result "1-0"]
[EventDate "1971.08.16"]
[PlyCount "149"]
1. Nf3 c5 2. c4 g6 3. g3 Bg7 4. Bg2 Nc6 5. O-O e6 6. e3 Nge7 7. d4 cxd4 8. Nxd4 Nxd4 9. exd4 d5 10. cxd5 Nxd5 11. Nc3 O-O 12. Nxd5 exd5 13. Qb3 Be6 14. Be3 Qd7 15. Rfc1 Rfc8 16. Rc3 Rxc3 17. bxc3 Rc8 18. a4 Qc6 19. Bd2 b6 20. a5 Bf8 21. axb6 axb6 22. h4 Bd6 23. Rb1 Bc7 24. Qb5 Bd8 25. Rb3 Kf8 26. Qb4+ Kg8 27. Bh6 Qe8 28. Qa3 Bc7 29. Qb2 Bd8 30. Qe2 Bc7 31. Qe3 Qd8 32. Rxb6 Qd7 33. Ra6 Bd6 34. Qg5 Bf8 35. Bxf8 Kxf8 36. Qe5 Rxc3 37. Rd6 Rc1+ 38. Kh2 Qc7 39. Bxd5 Bxd5 40. Qxd5 Qe7 41. Rc6 Re1 42. Rc8+ Kg7 43. Qc5 Re2 44. Qxe7 Rxe7 45. Rc2 Kf6 46. Kg2 Re4 47. Rd2 Ke6 48. f3 Re3 49. Kf2 Ra3 50. Ke2 Kd5 51. Rd3 Ra6 52. Ke3 Re6+ 53. Kf4 h6 54. Kg4 Rf6 55. h5 Rf5 56. hxg6 fxg6 57. f4 Rf6 58. Rd1 Re6 59. Rh1 h5+ 60. Kg5 Kxd4 61. Rd1+ Kc5 62. Rd8 Re3 63. Kxg6 Rxg3+ 64. Kxh5 Rg1 65. f5 Rh1+ 66. Kg6 Rg1+ 67. Kf7 Kc6 68. f6 Kc7 69. Rd4 Rg2 70. Ke7 Re2+ 71. Kf8 Rg2 72. f7 Rg1 73. Ke7 Re1+ 74. Kf6 Rf1+ 75. Kg6 1-0

[Event "9th Rubinstein Memorial"]
[Site "Polanica Zdroj POL"]
[Date "1971.08.17"]
[Round "2"]
[White "Nicevski, Risto"]
[Black "Pfleger, Helmut"]
[WhiteElo "2410"]
[BlackElo "2515"]
[Result "1/2-1/2"]
[EventDate "1971.08.16"]
[PlyCount "41"]
1. e4 c6 2. Nc3 d5 3. d4 dxe4 4. Nxe4 Nd7 5. Nf3 Ngf6 6. Nxf6+ Nxf6 7. Ne5 Nd7 8. Nc4 g6 9. Bg5 Nb6 10. h4 Bg7 11. c3 Be6 12. Ne3 h6 13. Bf4 Nd5 14. Nxd5 Qxd5 15. Be2 O-O-O 16. Bf3 Qb5 17. Qc2 g5 18. a4 Qf5 19. Qxf5 Bxf5 20. g4 gxf4 21. gxf5 1/2-1/2

[Event "9th Rubinstein Memorial"]
[Site "Polanica Zdroj POL"]
[Date "1971.08.17"]
[Round "2"]
[White "Spiridonov, Nikola"]
[Black "Kozma, Julius"]
[WhiteElo "2450"]
[BlackElo "2360"]
[Result "1/2-1/2"]
[EventDate "1971.08.16"]
[PlyCount "81"]
1. Nf3 Nf6 2. g3 g6 3. b4 Bg7 4. Bb2 d6 5. Bg2 e5 6. d3 O-O 7. O-O Nh5 8. Nfd2 f5 9. c4 Nd7 10. a4 Ndf6 11. c5 Re8 12. cxd6 cxd6 13. Nc4 f4 14. Nbd2 Rb8 15. b5 Ng4 16. h3 Nh6 17. g4 f3 18. Nxf3 Nf4 19. Bc1 Nxg2 20. Bxh6 Bxh6 21. Kxg2 Bg7 22. e4 Be6 23. Ne3 Rc8 24. Rc1 Rxc1 25. Qxc1 Bh6 26. Qe1 Rf8 27. Qb4 Qd7 28. Nd2 Bxe3 29. fxe3 Rxf1 30. Kxf1 h5 31. Nc4 hxg4 32. hxg4 Bxc4 33. Qxc4+ Kg7 34. g5 Qh3+ 35. Ke2 Qg2+ 36. Kd1 Qxg5 37. Qc7+ Kh6 38. Kd2 Qg2+ 39. Kc3 Qa2 40. Qxd6 Qxa4 41. Qf8+ 1/2-1/2

[Event "9th Rubinstein Memorial"]
[Site "Polanica Zdroj POL"]
[Date "1971.08.17"]
[Round "2"]
[White "Troianescu, Octav"]
[Black "Pytel, Krzysztof"]
[WhiteElo "2330"]
[BlackElo "2320"]
[Result "1/2-1/2"]
[EventDate "1971.08.16"]
[PlyCount "120"]
1. e4 c5 2. Nc3 d6 3. f4 g6 4. Nf3 Bg7 5. g3 Nc6 6. Bg2 f5 7. d3 Nf6 8. O-O O-O 9. Kh1 Kh8 10. exf5 Bxf5 11. Be3 Qd7 12. Qd2 Rac8 13. Rae1 b6 14. Bg1 d5 15. Ne5 Nxe5 16. fxe5 Ng4 17. Nxd5 Nxe5 18. b3 Bh3 19. Nf4 Bxg2+ 20. Qxg2 Nc6 21. Be3 Bc3 22. Bd2 Bxd2 23. Qxd2 Rf6 24. Qg2 Rcf8 25. Ne2 Rxf1+ 26. Rxf1 Rxf1+ 27. Qxf1 Qd5+ 28. Kg1 Kg8 29. Nf4 Qe5 30. Qf2 Nd4 31. h4 Qf5 32. c3 Ne6 33. Nxe6 Qxe6 34. Kg2 a5 35. Qd2 h5 36. Kf2 Kf7 37. Qf4+ Ke8 38. Qb8+ Kd7 39. Qb7+ Ke8 40. Qb8+ Kd7 41. Qa7+ Kc6 42. Qa8+ Kc7 43. Qf3 Kd7 44. Qf4 Qc6 45. Ke3 Qg2 46. Qf3 Qg1+ 47. Ke2 Kc7 48. Qf4+ Kd7 49. Qf3 Kc7 50. Qe3 Qg2+ 51. Qf2 Qd5 52. Qf4+ Kd7 53. Qf3 Qe6+ 54. Kd2 Kc7 55. Qe3 Qd6 56. Qf4 Kd7 57. Ke3 Qe6+ 58. Qe4 Qd6 59. Qf4 Qe6+ 60. Kd2 Qc6 1/2-1/2

[Event "9th Rubinstein Memorial"]
[Site "Polanica Zdroj POL"]
[Date "1971.08.18"]
[Round "3"]
[White "Espig, Lutz"]
[Black "Spiridonov, Nikola"]
[WhiteElo "2460"]
[BlackElo "2450"]
[Result "1/2-1/2"]
[EventDate "1971.08.16"]
[PlyCount "117"]
1. e4 c6 2. d4 d5 3. e5 Bf5 4. h4 h6 5. g4 Bd7 6. h5 e6 7. f4 c5 8. c3 Qb6 9. Nf3 Nc6 10. Rh2 Rc8 11. Rc2 cxd4 12. cxd4 Bb4+ 13. Kf2 a5 14. Nc3 Na7 15. Bd2 Bxc3 16. Rxc3 Rxc3 17. bxc3 Ne7 18. Rb1 Qc7 19. Qb3 Bc6 20. Bd3 b5 21. Bc1 Nec8 22. Ba3 a4 23. Qc2 Nb6 24. Bc5 Nc4 25. Re1 Kd7 26. f5 Kc8 27. fxe6 fxe6 28. Nh4 Rd8 29. Kg3 Be8 30. Qe2 Nc6 31. Nf3 Nb8 32. Nd2 Bc6 33. Rf1 Na6 34. Bf8 Qa5 35. Nb1 Rd7 36. Bg6 Qd8 37. Rf4 Nc7 38. Nd2 Kb7 39. Nf3 Na6 40. Ne1 Rc7 41. Nd3 Be8 42. Bh7 Qg5 43. Bg8 Rc6 44. Nf2 g6 45. Nh3 Qd8 46. Bxh6 gxh5 47. g5 Bg6 48. Bf7 Bf5 49. g6 Nxe5 50. Rxf5 Rxc3+ 51. Kg2 Qh4 52. Rxh5 Qg3+ 53. Kh1 Nxg6 54. Bxe6 Nc7 55. Bg4 b4 56. Ng1 Nf4 57. Bxf4 Qxf4 58. Rh4 Kb6 59. Qe5 1/2-1/2

[Event "9th Rubinstein Memorial"]
[Site "Polanica Zdroj POL"]
[Date "1971.08.18"]
[Round "3"]
[White "Kozma, Julius"]
[Black "Troianescu, Octav"]
[WhiteElo "2360"]
[BlackElo "2330"]
[Result "1/2-1/2"]
[EventDate "1971.08.16"]
[PlyCount "99"]
1. d4 d5 2. c4 c6 3. Nf3 Nf6 4. Nc3 dxc4 5. a4 Na6 6. e3 Bg4 7. Bxc4 e6 8. h3 Bh5 9. O-O Nb4 10. Qe2 Be7 11. Rd1 O-O 12. e4 h6 13. a5 Qc7 14. g4 Bg6 15. Ne5 Bh7 16. Bf4 Qc8 17. Bb3 Kh8 18. Ra4 Ne8 19. d5 f6 20. Nc4 exd5 21. exd5 Bc5 22. d6 Qd7 23. Ne4 Bxe4 24. Qxe4 Nd5 25. Rxd5 cxd5 26. Qxd5 Rc8 27. Bc2 Nxd6 28. Qd3 g5 29. Bxd6 Bxd6 30. Qg6 Bf4 31. Qxh6+ Kg8 32. Bb3 Rf7 33. Ne3 Bxe3 34. Qg6+ Kf8 35. Qxf7+ Qxf7 36. Bxf7 Rc1+ 37. Kg2 Rc2 38. Kf3 Bxf2 39. Bd5 Rxb2 40. Bxb7 Rxb7 41. Kxf2 Ke7 42. Ra3 Rb5 43. a6 Rb4 44. Kg3 Kd7 45. Rd3+ Kc7 46. Rf3 Rb6 47. Ra3 Kd7 48. h4 gxh4+ 49. Kxh4 Ke7 50. Ra5 1/2-1/2

[Event "9th Rubinstein Memorial"]
[Site "Polanica Zdroj POL"]
[Date "1971.08.18"]
[Round "3"]
[White "Pfleger, Helmut"]
[Black "Schmidt, Wlodzimierz"]
[WhiteElo "2515"]
[BlackElo "2450"]
[Result "1/2-1/2"]
[EventDate "1971.08.16"]
[PlyCount "70"]
1. e4 Nf6 2. e5 Nd5 3. Nc3 Nxc3 4. dxc3 d6 5. Nf3 dxe5 6. Qxd8+ Kxd8 7. Nxe5 Ke8 8. Bc4 e6 9. Bf4 Bd6 10. O-O-O Nd7 11. Rhe1 Nxe5 12. Bxe5 Bxe5 13. Rxe5 Ke7 14. Rc5 c6 15. f4 Bd7 16. b4 f6 17. a4 b6 18. Rh5 a5 19. Bb3 h6 20. Rh3 axb4 21. Rhd3 Rhd8 22. cxb4 c5 23. Rd6 cxb4 24. Rxb6 Rdb8 25. Rbd6 Ra7 26. Kb2 Rbb7 27. h4 Ra5 28. g3 e5 29. fxe5 Rxe5 30. R1d5 Ra7 31. a5 Rxd5 32. Rxd5 Bc6 33. Rf5 g6 34. Rf4 Rxa5 35. Rxb4 g5 1/2-1/2

[Event "9th Rubinstein Memorial"]
[Site "Polanica Zdroj POL"]
[Date "1971.08.18"]
[Round "3"]
[White "Pytel, Krzysztof"]
[Black "Nicevski, Risto"]
[WhiteElo "2320"]
[BlackElo "2410"]
[Result "1/2-1/2"]
[EventDate "1971.08.16"]
[PlyCount "156"]
1. d4 Nf6 2. c4 e6 3. Nc3 c5 4. d5 exd5 5. cxd5 d6 6. Nf3 g6 7. Bg5 Bg7 8. Nd2 h6 9. Bh4 g5 10. Bg3 Nh5 11. Nc4 Nxg3 12. hxg3 O-O 13. e3 Qe7 14. Be2 Nd7 15. Nb5 Rd8 16. Nbxd6 Nf6 17. Nxc8 Raxc8 18. d6 Qd7 19. a4 Qe6 20. Rc1 Kf8 21. Bf3 b6 22. Qd3 Rb8 23. O-O a6 24. Rfd1 g4 25. Bd5 Nxd5 26. Qxd5 Qxd5 27. Rxd5 b5 28. axb5 axb5 29. Na5 Rb6 30. Rcxc5 Rdxd6 31. Rxd6 Rxd6 32. Rxb5 Rd1+ 33. Kh2 Rd2 34. Rf5 Rxb2 35. Nc4 Rc2 36. Nd6 Rc7 37. Ne4 Rc6 38. Rf4 Be5 39. Rf5 Ba1 40. Ra5 Bb2 41. Rb5 Rc2 42. Nc5 Kg7 43. Nd3 Ba3 44. Rb3 Bd6 45. Kg1 Ra2 46. Kf1 Ra3 47. Rxa3 Bxa3 48. e4 Bd6 49. Ke2 f6 50. Ke3 Kf7 51. Kd4 Bb8 52. Kd5 h5 53. e5 fxe5 54. Nxe5+ Kg7 55. Ke6 Ba7 56. Nd3 Bb8 57. Kf5 Kh6 58. Nc5 Ba7 59. Ne4 Bd4 60. f4 gxf3 61. gxf3 Bb6 62. f4 Bc7 63. Ng5 Bb8 64. Nf7+ Kg7 65. Ne5 Ba7 66. Nd3 Bg1 67. Kg5 Bh2 68. Kh4 Kh6 69. Ne5 Bg1 70. Kh3 Ba7 71. Kg2 Kg7 72. Nf3 Kf6 73. Nh4 Bb6 74. Kf3 Ba7 75. Ng2 Bb6 76. Ne3 Ba5 77. Ke4 Be1 78. Nf1 Ba5 1/2-1/2

[Event "9th Rubinstein Memorial"]
[Site "Polanica Zdroj POL"]
[Date "1971.08.19"]
[Round "4"]
[White "Grabczewski, Romuald"]
[Black "Pfleger, Helmut"]
[WhiteElo "2370"]
[BlackElo "2515"]
[Result "0-1"]
[EventDate "1971.08.16"]
[PlyCount "46"]
1. e4 e5 2. Nf3 Nc6 3. Bb5 a6 4. Ba4 Nf6 5. d3 d6 6. c3 Be7 7. Nbd2 O-O 8. Nf1 b5 9. Bb3 d5 10. Qe2 d4 11. cxd4 Nxd4 12. Nxd4 Qxd4 13. Be3 Bb4+ 14. Nd2 Qxb2 15. O-O Bg4 16. f3 Be6 17. Rab1 Qa3 18. f4 Bc5 19. fxe5 Bxe3+ 20. Qxe3 Ng4 21. Qd4 c5 22. Qd6 Rad8 23. Qe7 Rfe8 0-1

[Event "9th Rubinstein Memorial"]
[Site "Polanica Zdroj POL"]
[Date "1971.08.19"]
[Round "4"]
[White "Manasterski, Lutoslaw"]
[Black "Spiridonov, Nikola"]
[WhiteElo "2350"]
[BlackElo "2450"]
[Result "1/2-1/2"]
[EventDate "1971.08.16"]
[PlyCount "84"]
1. c4 g6 2. g3 Bg7 3. Bg2 Nf6 4. Nc3 O-O 5. Nf3 d6 6. O-O Nc6 7. e3 e5 8. d3 h6 9. Rb1 Be6 10. b4 e4 11. dxe4 Bxc4 12. Re1 Nd7 13. Qc2 a5 14. a3 axb4 15. axb4 Nde5 16. Nxe5 Nxe5 17. Rd1 Nd7 18. f4 Qe7 19. e5 dxe5 20. Bxb7 exf4 21. Bxa8 Rxa8 22. Qe4 Qxe4 23. Nxe4 Re8 24. Rxd7 Rxe4 25. gxf4 c6 26. Kf2 g5 27. Kf3 Re8 28. Bb2 Ba2 29. Ra1 Bd5+ 30. Rxd5 cxd5 31. Bxg7 Kxg7 32. b5 gxf4 33. exf4 d4 34. Ra3 Kf6 35. Rb3 Re6 36. Rb4 d3 37. Rd4 Re2 38. Rxd3 Rxh2 39. Rd6+ Kf5 40. Rd5+ Ke6 41. Re5+ Kd7 42. Ke4 h5 1/2-1/2

[Event "9th Rubinstein Memorial"]
[Site "Polanica Zdroj POL"]
[Date "1971.08.19"]
[Round "4"]
[White "Nicevski, Risto"]
[Black "Kozma, Julius"]
[WhiteElo "2410"]
[BlackElo "2360"]
[Result "1/2-1/2"]
[EventDate "1971.08.16"]
[PlyCount "116"]
1. e4 c6 2. Nc3 d5 3. Nf3 Bg4 4. h3 Bxf3 5. Qxf3 Nf6 6. g3 e6 7. Bg2 dxe4 8. Nxe4 Nxe4 9. Qxe4 Qd5 10. O-O Qxe4 11. Bxe4 Nd7 12. b4 Nf6 13. Bf3 a6 14. Rb1 Bd6 15. d3 O-O 16. Bd2 Rfd8 17. a4 Nd5 18. Rb3 Be5 19. Rfb1 Rac8 20. Re1 Bf6 21. Be3 Nxe3 22. fxe3 Kf8 23. c4 Ke7 24. a5 Rd7 25. d4 Ra8 26. Kf1 g6 27. Reb1 Bg7 28. Ra3 Ra7 29. b5 cxb5 30. cxb5 axb5 31. Rxb5 Kd8 32. Rab3 Kc8 33. Ke2 h5 34. g4 hxg4 35. hxg4 Bf6 36. Rc3+ Rc7 37. Rxc7+ Kxc7 38. d5 exd5 39. Bxd5 Bd8 40. Bxf7 g5 41. Rd5 Ra6 42. Be8 b6 43. axb6+ Rxb6 44. Rd7+ Kc8 45. Rg7 Bf6 46. Rf7 Kd8 47. Ba4 Be7 48. Kd3 Rb4 49. Bd1 Kd7 50. Bf3 Kd6 51. Rf5 Rb3+ 52. Kd4 Rb4+ 53. Kc3 Ra4 54. Kb3 Ra1 55. Kc4 Ra4+ 56. Kb5 Ra3 57. e4 Ra1 58. Be2 Re1 1/2-1/2

[Event "9th Rubinstein Memorial"]
[Site "Polanica Zdroj POL"]
[Date "1971.08.19"]
[Round "4"]
[White "Schmidt, Wlodzimierz"]
[Black "Pytel, Krzysztof"]
[WhiteElo "2450"]
[BlackElo "2320"]
[Result "1/2-1/2"]
[EventDate "1971.08.16"]
[PlyCount "28"]
1. Nf3 Nf6 2. g3 b5 3. Bg2 Bb7 4. O-O e6 5. c3 c5 6. a4 bxa4 7. Qxa4 Be7 8. Na3 O-O 9. d3 d5 10. b4 a6 11. Bd2 Nc6 12. Rab1 cxb4 13. cxb4 Qd7 14. Rfc1 Rfc8 1/2-1/2

[Event "9th Rubinstein Memorial"]
[Site "Polanica Zdroj POL"]
[Date "1971.08.19"]
[Round "4"]
[White "Troianescu, Octav"]
[Black "Espig, Lutz"]
[WhiteElo "2330"]
[BlackElo "2460"]
[Result "1/2-1/2"]
[EventDate "1971.08.16"]
[PlyCount "117"]
1. e4 c5 2. Nf3 e6 3. d4 cxd4 4. Nxd4 Nf6 5. Bd3 Nc6 6. Nxc6 bxc6 7. O-O d5 8. Nd2 Be7 9. Qe2 O-O 10. b3 a5 11. a3 Qb6 12. Bb2 Ba6 13. Bxa6 Qxa6 14. Rfe1 Qxe2 15. Rxe2 Rfc8 16. Kf1 Kf8 17. Ke1 Nd7 18. g3 Bf6 19. Bxf6 Nxf6 20. Kd1 Ke7 21. Kc1 Nd7 22. Kb2 g5 23. Rf1 Rg8 24. f3 h5 25. Nb1 h4 26. exd5 cxd5 27. Nc3 Nb6 28. g4 f6 29. Rd1 Rgd8 30. Nb5 e5 31. a4 Rd7 32. c3 Rc8 33. Rd3 Rc6 34. Kc2 Na8 35. Red2 Nb6 36. Kb2 Ke6 37. Re2 Ke7 38. Rd1 Rc8 39. Red2 Ke6 40. Re1 Ke7 41. Rc2 Ke6 42. Kc1 Rdd8 43. Kb2 Rd7 44. Rd2 Ke7 45. Rf2 Kf7 46. Rd2 Ke7 47. Red1 Ke6 48. c4 dxc4 49. Rd6+ Ke7 50. Rxd7+ Nxd7 51. Nd6 Rb8 52. Nxc4 Nc5 53. Nxa5 Nxa4+ 54. Ka3 Nc3 55. Nc6+ Ke6 56. Nd8+ Ke7 57. Nc6+ Ke6 58. Nd8+ Ke7 59. Nc6+ 1/2-1/2

[Event "9th Rubinstein Memorial"]
[Site "Polanica Zdroj POL"]
[Date "1971.08.20"]
[Round "5"]
[White "Espig, Lutz"]
[Black "Nicevski, Risto"]
[WhiteElo "2460"]
[BlackElo "2410"]
[Result "0-1"]
[EventDate "1971.08.16"]
[PlyCount "80"]
1. e4 c5 2. Nc3 d6 3. f4 Nc6 4. Nf3 g6 5. Bc4 Bg7 6. O-O e6 7. f5 Nf6 8. fxe6 Bxe6 9. Bxe6 fxe6 10. d3 Qd7 11. Qe1 O-O-O 12. a3 Ng4 13. Rb1 Nge5 14. Ne2 Rdf8 15. b4 Nxf3+ 16. gxf3 Nd4 17. Nxd4 cxd4 18. Bd2 Kb8 19. c4 dxc3 20. Bxc3 Rc8 21. Bxg7 Qxg7 22. Qe3 Rc3 23. a4 Rhc8 24. a5 Qe5 25. Rf2 Qb5 26. Rd2 Rc1+ 27. Rxc1 Rxc1+ 28. Kg2 Qxb4 29. Qh6 Qxa5 30. Qf8+ Rc8 31. Qxd6+ Ka8 32. Re2 Qg5+ 33. Kf1 Qf6 34. Kg2 a6 35. Ra2 Rc6 36. Qd7 h5 37. d4 Qg5+ 38. Kf2 Rc1 39. Qxe6 Qg1+ 40. Ke2 Qe1+ 0-1

[Event "9th Rubinstein Memorial"]
[Site "Polanica Zdroj POL"]
[Date "1971.08.20"]
[Round "5"]
[White "Kozma, Julius"]
[Black "Schmidt, Wlodzimierz"]
[WhiteElo "2360"]
[BlackElo "2450"]
[Result "1/2-1/2"]
[EventDate "1971.08.16"]
[PlyCount "82"]
1. d4 Nf6 2. c4 g6 3. g3 Bg7 4. Bg2 d5 5. Nf3 O-O 6. O-O dxc4 7. Na3 c6 8. Nxc4 Be6 9. b3 Bd5 10. Bb2 a5 11. Rc1 a4 12. bxa4 b5 13. axb5 cxb5 14. Na3 b4 15. Nc4 Rxa2 16. Qb3 Qa5 17. Nfe5 Qa4 18. Qxa4 Rxa4 19. Ra1 Rxa1 20. Rxa1 Bxg2 21. Kxg2 Nfd7 22. Nd3 Rc8 23. Ne3 Nc6 24. Rc1 Nb6 25. Nc4 Na4 26. Na5 Na7 27. Rxc8+ Nxc8 28. Ba1 e5 29. dxe5 Nc3 30. Nxb4 Bxe5 31. Na2 Nxa2 32. Bxe5 Nb4 33. e4 Nd3 34. Bc3 Nd6 35. f3 f5 36. exf5 Nxf5 37. Nc4 Kf7 38. g4 Nf4+ 39. Kf1 Ne7 40. Nd6+ Ke6 41. Ne4 h5 1/2-1/2

[Event "9th Rubinstein Memorial"]
[Site "Polanica Zdroj POL"]
[Date "1971.08.20"]
[Round "5"]
[White "Pytel, Krzysztof"]
[Black "Grabczewski, Romuald"]
[WhiteElo "2320"]
[BlackElo "2370"]
[Result "1/2-1/2"]
[EventDate "1971.08.16"]
[PlyCount "34"]
1. d4 Nf6 2. c4 e6 3. Nf3 d5 4. Nc3 c6 5. cxd5 exd5 6. Bg5 Bf5 7. Qb3 Qb6 8. Qxb6 axb6 9. Bxf6 gxf6 10. e3 Nd7 11. Nh4 Be6 12. f4 Nb8 13. f5 Bd7 14. e4 dxe4 15. Nxe4 Be7 16. Bd3 Ra4 17. Nf3 Na6 1/2-1/2

[Event "9th Rubinstein Memorial"]
[Site "Polanica Zdroj POL"]
[Date "1971.08.20"]
[Round "5"]
[White "Spiridonov, Nikola"]
[Black "Troianescu, Octav"]
[WhiteElo "2450"]
[BlackElo "2330"]
[Result "1-0"]
[EventDate "1971.08.16"]
[PlyCount "41"]
1. g3 Nf6 2. Bg2 d5 3. Nf3 e6 4. O-O Be7 5. d3 O-O 6. Nbd2 c5 7. e4 Nc6 8. Re1 Re8 9. h4 Rb8 10. e5 Nd7 11. Nf1 b5 12. Bf4 b4 13. N1h2 a5 14. Ng5 Nf8 15. Qh5 Bxg5 16. hxg5 Nd4 17. Ng4 Rb7 18. Kh2 f5 19. gxf6 g6 20. Qg5 Nf5 21. f7+ 1-0

[Event "9th Rubinstein Memorial"]
[Site "Polanica Zdroj POL"]
[Date "1971.08.20"]
[Round "5"]
[White "Zaitsev, Alexander"]
[Black "Manasterski, Lutoslaw"]
[WhiteElo "2530"]
[BlackElo "2350"]
[Result "1-0"]
[EventDate "1971.08.16"]
[PlyCount "33"]
1. e4 c5 2. Nf3 d6 3. d4 cxd4 4. Nxd4 Nf6 5. Nc3 a6 6. Be2 e6 7. O-O Be7 8. Be3 Qc7 9. f4 O-O 10. f5 Nc6 11. g4 d5 12. exd5 Nxd4 13. Qxd4 h5 14. g5 Nd7 15. fxe6 fxe6 16. dxe6 Nc5 17. Nd5 1-0

[Event "9th Rubinstein Memorial"]
[Site "Polanica Zdroj POL"]
[Date "1971.08.22"]
[Round "6"]
[White "Grabczewski, Romuald"]
[Black "Kozma, Julius"]
[WhiteElo "2370"]
[BlackElo "2360"]
[Result "1/2-1/2"]
[EventDate "1971.08.16"]
[PlyCount "29"]
1. e4 c6 2. d4 d5 3. exd5 cxd5 4. c4 Nf6 5. Nc3 Nc6 6. Bg5 e6 7. c5 Be7 8. Bb5 O-O 9. Bxf6 Bxf6 10. Nf3 e5 11. Bxc6 exd4 12. Nxd5 bxc6 13. Nxf6+ Qxf6 14. O-O Rd8 15. Qd2 1/2-1/2

[Event "9th Rubinstein Memorial"]
[Site "Polanica Zdroj POL"]
[Date "1971.08.22"]
[Round "6"]
[White "Manasterski, Lutoslaw"]
[Black "Troianescu, Octav"]
[WhiteElo "2350"]
[BlackElo "2330"]
[Result "1-0"]
[EventDate "1971.08.16"]
[PlyCount "63"]
1. e4 c5 2. Nf3 Nc6 3. d4 cxd4 4. Nxd4 Nf6 5. Nc3 d6 6. Bc4 Bd7 7. O-O g6 8. Bb3 Bg7 9. Be3 O-O 10. h3 Rc8 11. f4 Qa5 12. Qf3 b6 13. Rad1 Nxd4 14. Bxd4 Bc6 15. Qe2 Bb7 16. Rfe1 e6 17. a4 e5 18. fxe5 dxe5 19. Bf2 Rxc3 20. bxc3 Nxe4 21. Rd7 Nc5 22. Bxc5 Qxc5+ 23. Qf2 Qxf2+ 24. Kxf2 Bc6 25. Rxa7 e4 26. Rc7 Ba8 27. Ke2 Be5 28. Ra7 Bxc3 29. Rf1 Kg7 30. Rfxf7+ Rxf7 31. Rxf7+ Kh6 32. Ra7 1-0

[Event "9th Rubinstein Memorial"]
[Site "Polanica Zdroj POL"]
[Date "1971.08.22"]
[Round "6"]
[White "Nicevski, Risto"]
[Black "Spiridonov, Nikola"]
[WhiteElo "2410"]
[BlackElo "2450"]
[Result "1/2-1/2"]
[EventDate "1971.08.16"]
[PlyCount "49"]
1. e4 e5 2. Nf3 Nc6 3. Bb5 a6 4. Ba4 Nf6 5. O-O Be7 6. Re1 b5 7. Bb3 d6 8. c3 O-O 9. h3 Na5 10. Bc2 c5 11. d4 Qc7 12. Nbd2 Nc6 13. dxc5 dxc5 14. Nf1 Be6 15. Ne3 Rad8 16. Qe2 c4 17. Nf5 Rfe8 18. Bg5 Nd7 19. Bxe7 Nxe7 20. Ng5 Nf6 21. Nxe6 fxe6 22. Nxe7+ Rxe7 23. Red1 Rxd1+ 24. Rxd1 Rd7 25. Rxd7 1/2-1/2